[Event "POL-chT 1st League"]
[Site "Ustron"]
[Date "2020.09.05"]
[Round "1.4"]
[White "Renkowski, Piotr"]
[Black "Flis, Jacek"]
[Result "1/2-1/2"]
[WhiteElo "2149"]
[BlackElo "2214"]
[PlyCount "74"]
[EventDate "2020.09.05"]
[EventType "team-tourn"]
[EventRounds "9"]
[EventCountry "POL"]
[SourceTitle "CBM 198 Extra"]
[Source "ChessBase"]
[SourceDate "2020.11.30"]
[SourceVersion "1"]
[SourceVersionDate "2020.11.30"]
[SourceQuality "1"]
[WhiteTeam "Gostynin Gostmat 83"]
[BlackTeam "Czestochowa Hetman"]
[WhiteTeamCountry "POL"]
[BlackTeamCountry "POL"]

1. d4 Nf6 2. c4 g6 3. Nc3 Bg7 4. e4 d6 5. Nf3 0-0 6. Be2 Nbd7 7. 0-0 e5 8. Qc2 c6 9. Rd1 Qe7 10. Rb1 Re8 11. dxe5 Nxe5 12. h3 Nxf3+ 13. Bxf3 Be6 14. b3 d5 15. cxd5 cxd5 16. Bg5 Qc7 17. Qd3 dxe4 18. Nxe4 Nxe4 19. Bxe4 Qa5 20. Qg3 Rac8 21. Bxb7 Rc2 22. a4 Rc3 23. Bd2 Rxg3 24. Bxa5 Rxb3 25. Bc6 Rc8 26. Bb5 h5 27. Kf1 Rxb1 28. Rxb1 Bc4+ 29. Ke1 Rb8 30. Rd1 Bxb5 31. axb5 Rxb5 32. Rd8+ Kh7 33. Bd2 Re5+ 34. Kd1 Rf5 35. Ke2 Re5+ 36. Kd1 Rf5 37. Ke2 Re5+ 1/2-1/2

[Event "POL-chT 1st League"]
[Site "Dzwirzyno"]
[Date "2019.09.15"]
[Round "9.1"]
[White "Kokoszczynski, Jan"]
[Black "Flis, Jacek"]
[Result "0-1"]
[WhiteElo "2289"]
[BlackElo "2219"]
[PlyCount "94"]
[EventDate "2019.09.07"]
[EventType "team-tourn"]
[EventRounds "9"]
[EventCountry "POL"]
[SourceTitle "EXT 2020"]
[Source "ChessBase"]
[SourceDate "2019.10.17"]
[SourceVersion "1"]
[SourceVersionDate "2019.10.17"]
[SourceQuality "1"]
[WhiteTeam "Chylice Laura"]
[BlackTeam "Czestochowa Hetman"]
[WhiteTeamCountry "POL"]
[BlackTeamCountry "POL"]

1. c4 g6 2. Nc3 Bg7 3. g3 e5 4. Bg2 Nc6 5. e3 d6 6. Nge2 Nge7 7. 0-0 0-0 8. Rb1 Bf5 9. d3 Qd7 10. b4 Bh3 11. Bxh3 Qxh3 12. b5 Nd8 13. Nd5 Qd7 14. Nxe7+ Qxe7 15. Bd2 Ne6 16. Qc2 Qd7 17. f4 f5 18. Bb4 Rf7 19. Nc3 Re8 20. Rbe1 c6 21. bxc6 bxc6 22. Ba3 g5 23. Ne2 gxf4 24. exf4 exf4 25. Nxf4 Bd4+ 26. Kh1 Nxf4 27. gxf4 Rxe1 28. Rxe1 Re7 29. Rxe7 Qxe7 30. Qd2 c5 31. Bc1 Kf8 32. h3 Qb7+ 33. Qg2 Qb1 34. Qd2 a5 35. Kh2 a4 36. Kg2 Qb7+ 37. Kh2 Qf3 38. Qg2 Qxd3 39. Bb2 Qxc4 40. Bxd4 Qxd4 41. Qa8+ Kf7 42. Qb7+ Kf6 43. Qxh7 Qxf4+ 44. Kh1 Qc1+ 45. Kh2 Qc2+ 46. Kg1 Qb1+ 47. Kf2 Qxa2+ 0-1

[Event "Katowice POL-HUN 6th"]
[Site "Katowice"]
[Date "2018.05.06"]
[Round "6"]
[White "Razin, Vadim"]
[Black "Flis, Jacek"]
[Result "1-0"]
[WhiteElo "2381"]
[BlackElo "2242"]
[PlyCount "103"]
[EventDate "2018.05.05"]
[EventType "swiss (rapid)"]
[EventRounds "9"]
[EventCountry "POL"]
[SourceTitle "CBM 184 Extra"]
[Source "ChessBase"]
[SourceDate "2018.06.28"]
[SourceVersion "1"]
[SourceVersionDate "2018.06.28"]
[SourceQuality "1"]

1. d4 Nf6 2. Nf3 g6 3. Bg5 Bg7 4. Nbd2 c5 5. e3 cxd4 6. exd4 0-0 7. Bd3 Nc6 8. c3 d5 9. 0-0 Bf5 10. Bxf5 gxf5 11. Bxf6 Bxf6 12. Nb3 e6 13. Nc5 b6 14. Nd3 Kh8 15. Re1 Rg8 16. g3 Qd7 17. Qd2 Qd6 18. Nf4 Rab8 19. Nh5 Qe7 20. a4 Bg5 21. Nxg5 Qxg5 22. Qxg5 Rxg5 23. Nf4 Rgg8 24. Kg2 Rgc8 25. h3 Ne7 26. g4 Rg8 27. f3 Ng6 28. Nh5 Ne7 29. Kf2 Rg6 30. Nf4 Rgg8 31. Nd3 Kg7 32. Rg1 Kf6 33. Ne5 Rbd8 34. Ke3 Ng6 35. Nc6 Rd7 36. a5 b5 37. a6 f4+ 38. Kd3 Nh4 39. Ne5 Rc7 40. Ra5 Rb8 41. b4 Ng6 42. Re1 Nh4 43. Re2 Ke7 44. Kc2 f6 45. Nd3 Nxf3 46. Kb2 Rbc8 47. Nxf4 Kd6 48. Rxe6+ Kd7 49. Re3 Nxd4 50. cxd4 Rc2+ 51. Kb3 Rc1 52. Ra2 1-0

[Event "Katowice POL-HUN 6th"]
[Site "Katowice"]
[Date "2018.05.05"]
[Round "5"]
[White "Flis, Jacek"]
[Black "Brylski, Pawel"]
[Result "1-0"]
[WhiteElo "2242"]
[BlackElo "2015"]
[PlyCount "99"]
[EventDate "2018.05.05"]
[EventType "swiss (rapid)"]
[EventRounds "9"]
[EventCountry "POL"]
[SourceTitle "CBM 184 Extra"]
[Source "ChessBase"]
[SourceDate "2018.06.28"]
[SourceVersion "1"]
[SourceVersionDate "2018.06.28"]
[SourceQuality "1"]

1. e4 c5 2. Nf3 Nc6 3. d4 cxd4 4. Nxd4 Nf6 5. Nc3 e5 6. Ndb5 d6 7. Bg5 a6 8. Na3 Be6 9. Nc4 Rb8 10. a4 Nb4 11. Be2 Rc8 12. Ne3 Be7 13. 0-0 Qa5 14. Bxf6 gxf6 15. Bg4 Rg8 16. Bf5 Rg7 17. Qh5 Kd7 18. Rad1 Rcg8 19. g3 Kc7 20. Qh3 Kd7 21. Rd2 Qc5 22. Rfd1 Nc6 23. Ne2 Rg5 24. Qxh7 R8g7 25. Qh3 Nd8 26. c3 Ke8 27. b4 Qc6 28. Bxe6 fxe6 29. c4 Qxe4 30. Nc3 Qg6 31. a5 Rh5 32. Qg2 Nc6 33. b5 Nd4 34. Qxb7 d5 35. Rxd4 exd4 36. Rxd4 Rgh7 37. h4 Rxh4 38. Rxh4 Rxh4 39. cxd5 exd5 40. Qxd5 Rh5 41. Qc6+ Kf8 42. bxa6 Rxa5 43. Qc8+ Kg7 44. Qc7 Ra1+ 45. Kg2 Kf7 46. Ned5 Re1 47. Qc4 Kf8 48. a7 Ra1 49. Qc8+ Kg7 50. a8Q 1-0

[Event "EU-ch rapid"]
[Site "Katowice"]
[Date "2017.12.17"]
[Round "11"]
[White "Batsiashvili, Nino"]
[Black "Flis, Jacek"]
[Result "1-0"]
[WhiteElo "2502"]
[BlackElo "2247"]
[PlyCount "65"]
[EventDate "2017.12.16"]
[EventType "swiss (rapid)"]
[EventRounds "11"]
[EventCountry "POL"]
[SourceTitle "CBM 182 Extra"]
[Source "ChessBase"]
[SourceDate "2018.02.23"]
[SourceVersion "1"]
[SourceVersionDate "2018.02.23"]
[SourceQuality "1"]

1. d4 Nf6 2. c4 d6 3. Nf3 g6 4. g3 Bg7 5. Bg2 0-0 6. 0-0 Nbd7 7. Nc3 e5 8. e4 exd4 9. Nxd4 Re8 10. Re1 Nc5 11. Bf4 Nh5 12. Be3 Nf6 13. f3 a5 14. Qd2 h5 15. Rad1 Bd7 16. Bh6 Bh8 17. Bg5 Qc8 18. Nd5 Nxd5 19. cxd5 Bh3 20. Bh1 Ra6 21. b3 Rb6 22. Qxa5 Ra6 23. Qd2 Qa8 24. a4 Rb6 25. Rb1 Qa6 26. Be3 c6 27. a5 Rb5 28. dxc6 bxc6 29. Nxb5 Qxb5 30. Bg2 Bxg2 31. Kxg2 Nxb3 32. Qc2 Rb8 33. a6 1-0

[Event "Katowice POL-HUN 4th"]
[Site "Katowice"]
[Date "2016.05.07"]
[Round "3"]
[White "Pakleza, Zbigniew"]
[Black "Flis, Jacek"]
[Result "1-0"]
[WhiteElo "2506"]
[BlackElo "2270"]
[PlyCount "49"]
[EventDate "2016.05.07"]
[EventType "swiss (rapid)"]
[EventRounds "9"]
[EventCountry "POL"]
[SourceTitle "CBM 172 Extra"]
[Source "ChessBase"]
[SourceDate "2016.06.21"]
[SourceVersion "1"]
[SourceVersionDate "2016.06.21"]
[SourceQuality "1"]

1. d4 g6 2. Bf4 Bg7 3. e3 c5 4. c3 cxd4 5. cxd4 Qb6 6. Qd2 Nc6 7. Nc3 d6 8. Bb5 Bd7 9. Nf3 Nf6 10. 0-0 0-0 11. h3 Bf5 12. Qe2 a6 13. Ba4 Ne4 14. Nd5 Qd8 15. Rac1 Bd7 16. Bc2 Nf6 17. Nc3 Rc8 18. Rfd1 b5 19. e4 Na5 20. e5 Ne8 21. Be4 Bc6 22. b3 Bxe4 23. Nxe4 d5 24. Nc5 Rc6 25. Bd2 1-0

[Event "POL-chT 1st League"]
[Site "Jastrzebia Gora"]
[Date "2015.09.13"]
[Round "9.21"]
[White "Plichta, Kamil"]
[Black "Flis, Jacek"]
[Result "1/2-1/2"]
[WhiteElo "2342"]
[BlackElo "2262"]
[PlyCount "41"]
[EventDate "2015.09.05"]
[EventType "team-tourn"]
[EventRounds "9"]
[EventCountry "POL"]
[SourceTitle "EXT 2016"]
[Source "ChessBase"]
[SourceDate "2015.10.08"]
[SourceVersion "1"]
[SourceVersionDate "2015.10.08"]
[SourceQuality "1"]
[WhiteTeam "Wisznia Mala"]
[BlackTeam "Czestochowa Hetman"]
[WhiteTeamCountry "POL"]
[BlackTeamCountry "POL"]

1. d4 Nf6 2. c4 d6 3. Nc3 Nbd7 4. Nf3 e5 5. g3 g6 6. Bg2 Bg7 7. 0-0 0-0 8. h3 exd4 9. Nxd4 Re8 10. e4 Nc5 11. Re1 a5 12. Ndb5 Bd7 13. Qc2 Be6 14. b3 c6 15. Nd4 Qc7 16. Bb2 Rad8 17. Rad1 Bc8 18. Nf3 Nfd7 19. Nd4 Nf6 20. Nf3 Nfd7 21. Nd4 1/2-1/2

[Event "POL-chT1"]
[Site "Poronin"]
[Date "2014.09.03"]
[Round "5.3"]
[White "Wlodarczyk, Oskar"]
[Black "Flis, Jacek"]
[Result "0-1"]
[WhiteElo "2296"]
[BlackElo "2249"]
[PlyCount "76"]
[EventDate "2014.08.31"]
[EventType "team-tourn"]
[EventRounds "9"]
[EventCountry "POL"]
[SourceTitle "CBM 162 Extra"]
[Source "ChessBase"]
[SourceDate "2014.10.17"]
[SourceVersion "1"]
[SourceVersionDate "2014.10.17"]
[SourceQuality "1"]
[WhiteTeam "Ostrow Welkopolski"]
[BlackTeam "Czestochowa Hetman"]
[WhiteTeamCountry "POL"]
[BlackTeamCountry "POL"]

1. Nf3 Nf6 2. b3 g6 3. Bb2 Bg7 4. c4 0-0 5. g3 d6 6. Bg2 e5 7. d3 Nc6 8. 0-0 Re8 9. a3 a5 10. Nc3 h6 11. Nd2 Be6 12. Nd5 Nh7 13. Rc1 Rb8 14. Bc3 Qd7 15. b4 axb4 16. axb4 Ne7 17. Qc2 c6 18. Nxe7+ Rxe7 19. Qb2 Bg4 20. Rce1 d5 21. b5 Ree8 22. b6 Bh3 23. f4 d4 24. Bb4 exf4 25. Rxf4 Bxg2 26. Kxg2 c5 27. Ba3 Qc6+ 28. Kg1 Ng5 29. Rh4 Ra8 30. Kf2 Ra6 31. Rb1 Rea8 32. Bxc5 Qxc5 33. Qb5 Qe7 34. Ne4 Ra5 35. Qb4 Qe6 36. Rb2 f5 37. Nd6 Qe3+ 38. Kg2 Ra1 0-1

[Event "POL-chT1"]
[Site "Szklarska Poreba"]
[Date "2013.09.12"]
[Round "6"]
[White "Flis, Jacek"]
[Black "Matuszewski, Michal"]
[Result "1/2-1/2"]
[WhiteElo "2260"]
[BlackElo "2409"]
[PlyCount "154"]
[EventDate "2013.09.07"]
[EventType "team-tourn"]
[EventRounds "9"]
[EventCountry "POL"]
[SourceTitle "EXT 2015"]
[Source "ChessBase"]
[SourceDate "2014.11.20"]
[SourceVersion "1"]
[SourceVersionDate "2014.11.20"]
[SourceQuality "1"]
[WhiteTeam "Czestochowa Hetman"]
[BlackTeam "Krakow Wisla"]
[WhiteTeamCountry "POL"]
[BlackTeamCountry "POL"]

1. e4 Nf6 2. e5 Nd5 3. d4 d6 4. c4 Nb6 5. exd6 exd6 6. Nc3 Nc6 7. Be3 Be7 8. h3 Bf5 9. Nf3 0-0 10. d5 Nb4 11. Rc1 a5 12. a3 Na6 13. Be2 Nd7 14. 0-0 Re8 15. Bd3 Bxd3 16. Qxd3 Nac5 17. Qc2 a4 18. Rcd1 Bf6 19. Rfe1 g6 20. Re2 Re7 21. Rde1 Re8 22. Bh6 Rxe2 23. Rxe2 Nb6 24. Ne4 Nxe4 25. Qxe4 c6 26. dxc6 bxc6 27. Qxc6 Rc8 28. Qb5 Nxc4 29. Qxa4 Nxb2 30. Qf4 Bh8 31. Ng5 Qd7 32. Ne4 f5 33. Qxd6 Qxd6 34. Nxd6 Rd8 35. Re8+ Rxe8 36. Nxe8 Be5 37. f4 Bd4+ 38. Kh2 Kf7 39. Nc7 Bc5 40. Nd5 Bxa3 41. Bg5 Bd6 42. Kg3 Ke6 43. Ne3 Bc7 44. Kf3 Nd3 45. g3 Bb6 46. Nc4 Bd4 47. Bd8 Kd5 48. Nd2 Bc3 49. Nf1 Ne1+ 50. Ke3 Bd4+ 51. Ke2 Nc2 52. Ba5 Bc5 53. Kd3 Na3 54. Bc3 Nb5 55. Be5 Na7 56. Bc3 Nc6 57. Bd2 Nb8 58. Be3 Na6 59. Bd2 Bd4 60. g4 Nc5+ 61. Ke2 Ne4 62. Be1 Bg1 63. Kf3 Kc4 64. gxf5 gxf5 65. Ng3 Nxg3 66. Bxg3 Kd3 67. Be1 Bd4 68. Bh4 Kd2 69. Bg3 Bf6 70. Bf2 Be7 71. Bg3 h5 72. Bf2 h4 73. Bd4 Ke1 74. Bb6 Kf1 75. Bd4 Bb4 76. Bb6 Be1 77. Bf2 Bxf2 1/2-1/2

[Event "POL-chT1"]
[Site "Szklarska Poreba"]
[Date "2013.09.10"]
[Round "4"]
[White "Pakleza, Zbigniew"]
[Black "Flis, Jacek"]
[Result "1-0"]
[WhiteElo "2477"]
[BlackElo "2260"]
[PlyCount "70"]
[EventDate "2013.09.07"]
[EventType "team-tourn"]
[EventRounds "9"]
[EventCountry "POL"]
[SourceTitle "EXT 2015"]
[Source "ChessBase"]
[SourceDate "2014.11.20"]
[SourceVersion "1"]
[SourceVersionDate "2014.11.20"]
[SourceQuality "1"]
[WhiteTeam "Warsaw Sharks"]
[BlackTeam "Czestochowa Hetman"]
[WhiteTeamCountry "POL"]
[BlackTeamCountry "POL"]

1. d4 Nf6 2. Nf3 g6 3. Bf4 Bg7 4. e3 0-0 5. Be2 c5 6. c3 d6 7. h3 Qb6 8. Qb3 Be6 9. Qxb6 axb6 10. a3 Nc6 11. Nbd2 Rfc8 12. 0-0 h6 13. Rfe1 d5 14. Bh2 Bf5 15. Rad1 g5 16. h4 gxh4 17. Nxh4 Bh7 18. g4 e6 19. Kg2 Nd7 20. Nhf3 Nf6 21. Ne5 Nxe5 22. Bxe5 Nd7 23. Bf4 e5 24. dxe5 Nxe5 25. Rh1 Rc6 26. Rh5 Re8 27. Bb5 Nxg4 28. Rxd5 Rg6 29. Kf3 Ne5+ 30. Ke2 Nc6 31. Nc4 Rg4 32. Bxc6 bxc6 33. Rd8 Rf8 34. Nxb6 Bf5 35. a4 Be6 1-0

[Event "POL-chT1"]
[Site "Szklarska Poreba"]
[Date "2013.09.09"]
[Round "3"]
[White "Flis, Jacek"]
[Black "Tworzydlo, Piotr"]
[Result "1/2-1/2"]
[WhiteElo "2260"]
[BlackElo "2153"]
[PlyCount "75"]
[EventDate "2013.09.07"]
[EventType "team-tourn"]
[EventRounds "9"]
[EventCountry "POL"]
[SourceTitle "EXT 2015"]
[Source "ChessBase"]
[SourceDate "2014.11.20"]
[SourceVersion "1"]
[SourceVersionDate "2014.11.20"]
[SourceQuality "1"]
[WhiteTeam "Czestochowa Hetman"]
[BlackTeam "Gant Hetman"]
[WhiteTeamCountry "POL"]
[BlackTeamCountry "POL"]

1. e4 c5 2. Nf3 d6 3. d4 cxd4 4. Nxd4 Nf6 5. Nc3 a6 6. Be2 e5 7. Nb3 Be7 8. 0-0 0-0 9. Qd3 Be6 10. Qg3 Nbd7 11. Bh6 Ne8 12. Be3 Rc8 13. Rad1 Bh4 14. Qf3 Bg5 15. Rd2 Nb6 16. Rfd1 Bxe3 17. Qxe3 Nc4 18. Bxc4 Rxc4 19. Nc1 Qc7 20. a3 f5 21. exf5 Rxf5 22. N1e2 Rf8 23. Ng3 h6 24. Nge4 Rc6 25. Qd3 Nf6 26. Nxf6+ Rxf6 27. Ne4 Rf8 28. c3 d5 29. Ng3 Kh8 30. Re1 Bg8 31. Qe3 Re8 32. Nf1 Bf7 33. Qg3 Rg6 34. Qd3 Rd6 35. Qg3 Rg6 36. Qd3 Rd6 37. Qg3 Rg6 38. Qd3 1/2-1/2

[Event "POL-chT1"]
[Site "Szklarska Poreba"]
[Date "2013.09.07"]
[Round "1"]
[White "Flis, Jacek"]
[Black "Shkapenko, Pavel"]
[Result "1/2-1/2"]
[WhiteElo "2260"]
[BlackElo "2407"]
[PlyCount "66"]
[EventDate "2013.09.07"]
[EventType "team-tourn"]
[EventRounds "9"]
[EventCountry "POL"]
[SourceTitle "EXT 2015"]
[Source "ChessBase"]
[SourceDate "2014.11.20"]
[SourceVersion "1"]
[SourceVersionDate "2014.11.20"]
[SourceQuality "1"]
[WhiteTeam "Czestochowa Hetman"]
[BlackTeam "Pultusk Nadnarwianka"]
[WhiteTeamCountry "POL"]
[BlackTeamCountry "POL"]

1. e4 Nf6 2. e5 Nd5 3. d4 d6 4. Nf3 dxe5 5. Nxe5 c6 6. c4 Nb4 7. Be3 Bf5 8. Na3 Nd7 9. Nxd7 Qxd7 10. Be2 e6 11. 0-0 Be7 12. Qb3 0-0 13. c5 Nd5 14. Nc4 Rfd8 15. Bf3 Qc7 16. Rad1 Rab8 17. Rc1 Bg6 18. g3 Bf6 19. Rfd1 Nxe3 20. Qxe3 Qe7 21. h4 h6 22. Ne5 Bf5 23. Bg2 Qc7 24. b4 a5 25. a3 Ra8 26. Nc4 axb4 27. axb4 Ra2 28. Qb3 Ra6 29. Qe3 Ra2 30. Qb3 Ra6 31. Qe3 Ra2 32. Qb3 Ra6 33. Qe3 Ra2 1/2-1/2

[Event "POL-chT 2nd League"]
[Site "Lazy"]
[Date "2012.09.08"]
[Round "8"]
[White "Flis, Jacek"]
[Black "Adamowicz, Maciej"]
[Result "1-0"]
[WhiteElo "2256"]
[BlackElo "1985"]
[PlyCount "87"]
[EventDate "2012.09.01"]
[EventType "team-swiss"]
[EventRounds "9"]
[EventCountry "POL"]
[SourceTitle "EXT 2019"]
[Source "ChessBase"]
[SourceDate "2018.10.10"]
[SourceVersion "1"]
[SourceVersionDate "2018.10.10"]
[SourceQuality "1"]
[WhiteTeam "Czestochowa UKS Hetman"]
[BlackTeam "Koszalin Hetman Politechnika"]
[WhiteTeamCountry "POL"]
[BlackTeamCountry "POL"]

1. Nf3 c5 2. g3 g6 3. Bg2 Bg7 4. 0-0 Nc6 5. d3 Nf6 6. c3 0-0 7. e4 d6 8. Nbd2 Nd7 9. Ne1 Rb8 10. f4 Qc7 11. Nc4 b5 12. Ne3 b4 13. Bd2 bxc3 14. bxc3 e6 15. g4 Ne7 16. f5 h6 17. Rc1 Bb7 18. Qe2 d5 19. exd5 exd5 20. fxg6 fxg6 21. Rxf8+ Nxf8 22. Rb1 Kh7 23. Nf1 Qd7 24. Nf3 Nc6 25. Qf2 Ne6 26. Ng3 Rf8 27. Qe2 Nf4 28. Bxf4 Rxf4 29. Qe3 Ra4 30. Qxc5 Rxa2 31. d4 Ra5 32. Rb5 Ra1+ 33. Kf2 Ra2+ 34. Kg1 Ra1+ 35. Kf2 Ra2+ 36. Kg1 Qe6 37. Rxb7 Qe3+ 38. Kh1 Qf2 39. Ne1 Qxe1+ 40. Nf1 Rf2 41. Kg1 Rc2 42. Qf8 Rxg2+ 43. Kxg2 Qe2+ 44. Kh3 1-0

[Event "POL-chT 2nd League"]
[Site "Lazy"]
[Date "2012.09.06"]
[Round "6"]
[White "Brzeski, Maciej"]
[Black "Flis, Jacek"]
[Result "1-0"]
[WhiteElo "2314"]
[BlackElo "2256"]
[PlyCount "91"]
[EventDate "2012.09.01"]
[EventType "team-swiss"]
[EventRounds "9"]
[EventCountry "POL"]
[SourceTitle "EXT 2019"]
[Source "ChessBase"]
[SourceDate "2018.10.10"]
[SourceVersion "1"]
[SourceVersionDate "2018.10.10"]
[SourceQuality "1"]
[WhiteTeam "Krakow Wisla"]
[BlackTeam "Czestochowa UKS Hetman"]
[WhiteTeamCountry "POL"]
[BlackTeamCountry "POL"]

1. e4 c5 2. Nf3 e6 3. d4 cxd4 4. Nxd4 Nc6 5. Nc3 Qc7 6. Be3 a6 7. Qd2 Nf6 8. 0-0-0 Bb4 9. f3 Ne5 10. Nb3 b5 11. Qd4 Be7 12. Be2 Bb7 13. g4 d6 14. h4 Nc6 15. Qd2 Nd7 16. h5 Nde5 17. h6 g6 18. Nd4 Nxd4 19. Qxd4 f6 20. f4 Nc4 21. Bxc4 Qxc4 22. Qxc4 bxc4 23. Rhf1 Kf7 24. f5 gxf5 25. gxf5 Rhg8 26. fxe6+ Kxe6 27. Nd5 Rac8 28. Rg1 Kf7 29. Rxg8 Rxg8 30. Rd4 Rg4 31. Nxe7 Kxe7 32. Rxc4 Bxe4 33. b4 Ke6 34. a4 f5 35. b5 axb5 36. axb5 Rg3 37. Bf4 Rg4 38. Be3 Rg3 39. Bd2 Kd7 40. Ra4 Rg1+ 41. Kb2 Rg2 42. Kc3 f4 43. Rxe4 f3 44. Rf4 f2 45. Be3 Rg3 46. Kd3 1-0

[Event "POL-chT 2nd League"]
[Site "Lazy"]
[Date "2012.09.02"]
[Round "2"]
[White "Flis, Jacek"]
[Black "Walkusz, Witoslaw"]
[Result "0-1"]
[WhiteElo "2256"]
[BlackElo "2126"]
[PlyCount "92"]
[EventDate "2012.09.01"]
[EventType "team-swiss"]
[EventRounds "9"]
[EventCountry "POL"]
[SourceTitle "EXT 2019"]
[Source "ChessBase"]
[SourceDate "2018.10.10"]
[SourceVersion "1"]
[SourceVersionDate "2018.10.10"]
[SourceQuality "1"]
[WhiteTeam "Czestochowa UKS Hetman"]
[BlackTeam "Gdynia Korsarz"]
[WhiteTeamCountry "POL"]
[BlackTeamCountry "POL"]

1. e4 e5 2. Nf3 Nc6 3. Bc4 Nf6 4. d3 Bc5 5. 0-0 d6 6. c3 0-0 7. Bb3 h6 8. Nbd2 a5 9. a4 Re8 10. Nc4 Be6 11. Re1 Ng4 12. Ne3 Nxe3 13. Bxe3 Bxe3 14. Rxe3 d5 15. exd5 Bxd5 16. d4 Bxb3 17. Qxb3 exd4 18. Rxe8+ Qxe8 19. Qxb7 Rb8 20. Qxc7 d3 21. Qd6 Rd8 22. Qf4 Qe2 23. Nd2 Re8 24. h4 Re5 25. Nf3 Qxb2 26. Rd1 Re2 27. Rd2 Qxc3 28. Rxe2 dxe2 29. Qe3 Qc4 30. Kh2 Qxa4 31. Qe8+ Kh7 32. Qxf7 Qe4 33. Qa2 Nb4 34. Qxa5 e1Q 35. Nxe1 Qxe1 36. Qf5+ Kg8 37. Qc8+ Kf7 38. Qc4+ Kf8 39. Qf4+ Kg8 40. Qb8+ Kh7 41. Qf8 Qe4 42. g3 Nd3 43. Qf7 Ne5 44. Qf8 Nf3+ 45. Kh3 h5 46. Qf7 Ng5+ 0-1

[Event "POL-chT 2nd League"]
[Site "Mrzezyno"]
[Date "2011.09.04"]
[Round "2"]
[White "Wojciechowski, Piotr"]
[Black "Flis, Jacek"]
[Result "1/2-1/2"]
[WhiteElo "2295"]
[BlackElo "2302"]
[PlyCount "76"]
[EventDate "2011.09.03"]
[EventType "team-swiss"]
[EventRounds "9"]
[EventCountry "POL"]
[SourceTitle "EXT 2015"]
[Source "ChessBase"]
[SourceDate "2014.11.20"]
[SourceVersion "1"]
[SourceVersionDate "2014.11.20"]
[SourceQuality "1"]
[WhiteTeam "Gliwice Politechnika Slaska"]
[BlackTeam "Czestochowa UKS Hetman"]
[WhiteTeamCountry "POL"]
[BlackTeamCountry "POL"]

1. e4 c5 2. Nf3 e6 3. d4 cxd4 4. Nxd4 Nc6 5. Nc3 a6 6. Nxc6 bxc6 7. Bd3 d5 8. 0-0 Nf6 9. Re1 Bb7 10. e5 Nd7 11. Na4 c5 12. c4 dxc4 13. Bxc4 Qc7 14. f4 Be7 15. Bd3 c4 16. Be4 Nc5 17. Bxb7 Qxb7 18. Nxc5 Bxc5+ 19. Be3 Bxe3+ 20. Rxe3 0-0 21. Qe2 Rfd8 22. Rc1 Rac8 23. Rec3 Qb6+ 24. Kh1 Qd4 25. g3 Qd5+ 26. Qg2 Qxg2+ 27. Kxg2 Rd2+ 28. Kh3 Rxb2 29. Rxc4 Rxc4 30. Rxc4 f6 31. exf6 gxf6 32. Rc6 Rxa2 33. Rxe6 Kf7 34. Rb6 h5 35. f5 Kg7 36. g4 hxg4+ 37. Kxg4 Rxh2 38. Rxa6 Rg2+ 1/2-1/2

[Event "POL-chT 2nd League"]
[Site "Miedzyzdroje"]
[Date "2009.09.16"]
[Round "5"]
[White "Flis, Jacek"]
[Black "Kosny, Marek"]
[Result "1-0"]
[WhiteElo "2297"]
[BlackElo "2002"]
[PlyCount "97"]
[EventDate "2009.09.12"]
[EventType "team-swiss"]
[EventRounds "9"]
[EventCountry "POL"]
[SourceTitle "EXT 2019"]
[Source "ChessBase"]
[SourceDate "2018.10.10"]
[SourceVersion "1"]
[SourceVersionDate "2018.10.10"]
[SourceQuality "1"]
[WhiteTeam "Czestochowa UKS Hetman"]
[BlackTeam "Zielonka Zieloni"]
[WhiteTeamCountry "POL"]
[BlackTeamCountry "POL"]

1. e4 Nf6 2. e5 Nd5 3. d4 d6 4. c4 Nb6 5. exd6 cxd6 6. Nc3 g6 7. h3 Bg7 8. Nf3 0-0 9. Be3 Bf5 10. b3 Nc6 11. Rc1 d5 12. c5 Nc8 13. Be2 Be4 14. 0-0 Bxf3 15. Bxf3 e6 16. Qd2 N8e7 17. g4 e5 18. Ne2 f5 19. gxf5 e4 20. Bg2 Nxf5 21. b4 Qf6 22. b5 Nce7 23. Bg5 Qf7 24. f3 h6 25. fxe4 dxe4 26. Bxe7 Qxe7 27. d5 e3 28. Qb4 Qg5 29. d6 h5 30. Qf4 Qd8 31. Qc4+ Kh7 32. a4 Rb8 33. Rcd1 Rc8 34. d7 Rc7 35. c6 Be5 36. Qe6 Qf6 37. Qe8 Bd6 38. Qe4 bxc6 39. bxc6 Be7 40. Qf4 Bd8 41. Rd3 Kg7 42. Qe4 Rf7 43. Nf4 Re7 44. Nd5 Rxe4 45. Nxf6 e2 46. Ne8+ Kf8 47. Bxe4 Rxd7 48. cxd7 Bb6+ 49. Kg2 1-0

[Event "POL-chT 2nd League"]
[Site "Ustron"]
[Date "2008.09.08"]
[Round "3.91"]
[White "Flis, Jacek"]
[Black "Steczek, Marcin"]
[Result "1/2-1/2"]
[WhiteElo "2302"]
[BlackElo "2342"]
[PlyCount "82"]
[EventDate "2008.09.06"]
[EventType "team-swiss"]
[EventRounds "9"]
[EventCountry "POL"]
[SourceTitle "EXT 2015"]
[Source "ChessBase"]
[SourceDate "2014.11.20"]
[SourceVersion "1"]
[SourceVersionDate "2014.11.20"]
[SourceQuality "1"]
[WhiteTeam "Czestochowa UKS Hetman"]
[BlackTeam "Konin Hetman"]
[WhiteTeamCountry "POL"]
[BlackTeamCountry "POL"]

1. e4 Nf6 2. e5 Nd5 3. d4 d6 4. Nf3 Bg4 5. Be2 e6 6. h3 Bh5 7. c4 Nb6 8. exd6 cxd6 9. Nc3 Be7 10. d5 e5 11. g4 Bg6 12. h4 h6 13. h5 Bh7 14. Rg1 Na6 15. Bd3 Bxd3 16. Qxd3 Nc5 17. Qe2 Nba4 18. Nxa4 Nxa4 19. b3 Nc5 20. b4 Nd7 21. Be3 a5 22. b5 Qc7 23. Nd2 Bg5 24. Bxg5 hxg5 25. Ne4 f6 26. Rc1 b6 27. Qe3 0-0-0 28. Kd2 Kb7 29. Ng3 Nc5 30. f3 Qd7 31. Ne4 Rc8 32. Nxc5+ Rxc5 33. Qe4 Rc7 34. Rh1 Rh6 35. Kd3 Rc8 36. a4 Kc7 37. Rb1 Rch8 38. Rhg1 Qc8 39. Qe3 Kb7 40. Rbc1 Re8 41. Rc2 Qd7 1/2-1/2

[Event "POL-chT3 Slaskie"]
[Site "Poland"]
[Date "2008.05.11"]
[Round "9.21"]
[White "Flis, Jacek"]
[Black "Malecki, Rafal"]
[Result "1-0"]
[WhiteElo "2301"]
[BlackElo "2144"]
[PlyCount "45"]
[EventDate "2008.02.03"]
[EventType "team-swiss"]
[EventRounds "9"]
[EventCountry "POL"]
[SourceTitle "EXT 2019"]
[Source "ChessBase"]
[SourceDate "2018.10.10"]
[SourceVersion "1"]
[SourceVersionDate "2018.10.10"]
[SourceQuality "1"]

1. e4 d6 2. d4 Nf6 3. Nc3 g6 4. Be3 c6 5. Qd2 Nbd7 6. f3 b5 7. Nh3 Bg7 8. Nf2 0-0 9. a3 e5 10. d5 cxd5 11. Nxd5 a6 12. Nxf6+ Nxf6 13. 0-0-0 d5 14. exd5 Bb7 15. Ne4 Nxd5 16. Bc5 Rc8 17. Nd6 Rxc5 18. Nxb7 Qh4 19. g3 Qh5 20. Nxc5 Bh6 21. f4 Nxf4 22. Kb1 Ne6 23. Ne4 1-0